Govt. of
Madhya Pradesh

भारत की आंतरिक सुरक्षा की मुख्य चुनौतिया (Record no. 67169)

MARC details
000 -LEADER
fixed length control field 00538nam a22001577a 4500
003 - CONTROL NUMBER IDENTIFIER
control field Macl
005 - DATE AND TIME OF LATEST TRANSACTION
control field 20241019145138.0
008 - FIXED-LENGTH DATA ELEMENTS--GENERAL INFORMATION
fixed length control field 241019b |||||||| |||| 00| 0 eng d
040 ## - CATALOGING SOURCE
Transcribing agency Macl
082 ## - DEWEY DECIMAL CLASSIFICATION NUMBER
Classification number 355
100 ## - MAIN ENTRY--PERSONAL NAME
Personal name कुमार ,अशोक
9 (RLIN) 74017
245 ## - TITLE STATEMENT
Title भारत की आंतरिक सुरक्षा की मुख्य चुनौतिया
260 ## - PUBLICATION, DISTRIBUTION, ETC. (IMPRINT)
Name of publisher, distributor, etc. Mc Graw Hill पब्लिकेशन्स
Date of publication, distribution, etc. 2024
650 ## - SUBJECT ADDED ENTRY--TOPICAL TERM
Topical term or geographic name as entry element सैनिक विज्ञान
9 (RLIN) 66695
942 ## - ADDED ENTRY ELEMENTS (KOHA)
Source of classification or shelving scheme
Koha item type Competitive Books
Holdings
Withdrawn status Lost status Source of classification or shelving scheme Damaged status Not for loan Home library Current library Date acquired Cost, normal purchase price Total Checkouts Full call number Barcode Date last seen Date last checked out Price effective from Koha item type
          MACL MACL 19/10/2024 360.00 2 355 DPI002388 22/01/2026 15/01/2026 19/10/2024 Competitive Books